<?xml version="1.0" encoding="UTF-8"?>
<record
    xmlns:xsi="http://www.w3.org/2001/XMLSchema-instance"
    xsi:schemaLocation="http://www.loc.gov/MARC21/slim http://www.loc.gov/standards/marcxml/schema/MARC21slim.xsd"
    xmlns="http://www.loc.gov/MARC21/slim">

  <leader>00790nam a22001337a 4500</leader>
  <datafield tag="040" ind1=" " ind2=" ">
    <subfield code="c">RUA</subfield>
  </datafield>
  <datafield tag="082" ind1=" " ind2=" ">
    <subfield code="a">AGR KIM 2021 B1-586  Or.</subfield>
  </datafield>
  <datafield tag="100" ind1=" " ind2=" ">
    <subfield code="a">KIM LONGENG, &#x1782;&#x17B8;&#x1798; &#x17A1;&#x17BB;&#x1784;&#x17A2;&#x17C1;&#x1784;</subfield>
  </datafield>
  <datafield tag="245" ind1=" " ind2=" ">
    <subfield code="a">CHARACTERIZATION OF ETHYL METHANESULFONATE(EMS) INDUCED MUTATION POPULATION OF MUNG BEAN(Vigna rediata),&#x1780;&#x17B6;&#x179A;&#x1780;&#x17C6;&#x178E;&#x178F;&#x17CB;&#x179B;&#x1780;&#x17D2;&#x1781;&#x178E;&#x17C8;&#x1794;&#x17D2;&#x179A;&#x1787;&#x17B6;&#x1780;&#x179A;&#x1794;&#x179A;&#x179C;&#x178F;&#x17D2;&#x178F;&#x179A;&#x17BC;&#x1794;&#x178A;&#x17C6;&#x178E;&#x17B6;&#x17C6;&#x179F;&#x178E;&#x17D2;&#x178F;&#x17C2;&#x1780;&#x1794;&#x17B6;&#x1799;(Vigna radiation)&#x200B;&#x178A;&#x17C2;&#x179B;&#x1794;&#x1784;&#x17D2;&#x1780;&#x17BE;&#x178F;&#x178F;&#x17B6;&#x1798;&#x179A;&#x1799;&#x17C8;&#x179F;&#x17B6;&#x179A;&#x1792;&#x17B6;&#x178F;&#x17BB;&#x1787;&#x1798;&#x17D2;&#x179A;&#x17BB;&#x1789;&#x17A2;&#x17C1;&#x1791;&#x17B8;&#x179B;&#x1798;&#x17C1;&#x178F;&#x17B6;&#x1793;&#x179F;&#x17CA;&#x17BB;&#x179B;&#x17A0;&#x17D2;&#x179C;&#x17BC;&#x178E;&#x17B6;&#x178F;</subfield>
  </datafield>
  <datafield tag="260" ind1=" " ind2=" ">
    <subfield code="a">phnom penh</subfield>
    <subfield code="b">rua</subfield>
    <subfield code="c">2021</subfield>
  </datafield>
  <datafield tag="300" ind1=" " ind2=" ">
    <subfield code="a">viii,23p.</subfield>
    <subfield code="b">ill.</subfield>
    <subfield code="c">29cm.</subfield>
  </datafield>
  <datafield tag="856" ind1=" " ind2=" ">
    <subfield code="u">https://drive.google.com/file/d/1_itCb2PGMSNxpsgmDsadwrn_PBso2qyh/view?usp=sharing</subfield>
  </datafield>
  <datafield tag="942" ind1=" " ind2=" ">
    <subfield code="c">AGR</subfield>
  </datafield>
  <datafield tag="999" ind1=" " ind2=" ">
    <subfield code="c">22779</subfield>
    <subfield code="d">22779</subfield>
  </datafield>
  <datafield tag="952" ind1=" " ind2=" ">
    <subfield code="0">0</subfield>
    <subfield code="1">0</subfield>
    <subfield code="4">0</subfield>
    <subfield code="6">AGR_KIM_2021_000000000000000_B1586_OR</subfield>
    <subfield code="7">0</subfield>
    <subfield code="9">97826</subfield>
    <subfield code="a">LBB</subfield>
    <subfield code="b">LBB</subfield>
    <subfield code="c">B1.586</subfield>
    <subfield code="d">2024-04-09</subfield>
    <subfield code="o">AGR KIM 2021 B1-586  Or.</subfield>
    <subfield code="p">a078595</subfield>
    <subfield code="r">2024-04-09</subfield>
    <subfield code="y">AGR</subfield>
  </datafield>
  <datafield tag="952" ind1=" " ind2=" ">
    <subfield code="0">0</subfield>
    <subfield code="1">0</subfield>
    <subfield code="4">0</subfield>
    <subfield code="6">AGR_KIM_2021_000000000000000_B1586_OR</subfield>
    <subfield code="7">0</subfield>
    <subfield code="9">97827</subfield>
    <subfield code="a">LBB</subfield>
    <subfield code="b">LBB</subfield>
    <subfield code="c">B1.586</subfield>
    <subfield code="d">2024-04-09</subfield>
    <subfield code="o">AGR KIM 2021 B1-586  Or.</subfield>
    <subfield code="p">a078410</subfield>
    <subfield code="r">2024-04-09</subfield>
    <subfield code="y">AGR</subfield>
  </datafield>
  <datafield tag="952" ind1=" " ind2=" ">
    <subfield code="0">0</subfield>
    <subfield code="1">0</subfield>
    <subfield code="4">0</subfield>
    <subfield code="6">AGR_KIM_2021_000000000000000_B1586_OR</subfield>
    <subfield code="7">0</subfield>
    <subfield code="9">97828</subfield>
    <subfield code="a">LBB</subfield>
    <subfield code="b">LBB</subfield>
    <subfield code="c">B1.586</subfield>
    <subfield code="d">2024-04-09</subfield>
    <subfield code="o">AGR KIM 2021 B1-586  Or.</subfield>
    <subfield code="p">a078290</subfield>
    <subfield code="r">2024-04-09</subfield>
    <subfield code="y">AGR</subfield>
  </datafield>
</record>
